Geography Quiz

Random Geography or World Quiz

Northern Exposure Quiz Stats

 Plays Quiz Updated Aug 24, 2018

Score 0/20 Timer 05:00
8 Plays Today
Country Country to the North % Correct
South KoreaNorth Korea
96.6%
North KoreaChina
94.7%
South SudanSudan
93.8%
BelgiumNetherlands
93.3%
FinlandNorway
93.1%
GermanyDenmark
92.4%
NepalChina
92.2%
AndorraFrance
92.1%
LithuaniaLatvia
90.8%
KazakhstanRussia
89.6%
Country Country to the North % Correct
EcuadorColombia
86.5%
BoliviaBrazil
86.1%
GuatemalaMexico
85.3%
SyriaTurkey
84.3%
NigeriaNiger
84.1%
JordanSyria
84.1%
Costa RicaNicaragua
83.8%
BelizeMexico
83.1%
NicaraguaHonduras
82.8%
KyrgyzstanKazakhstan
77.3%

You're not logged in!

Compare scores with friends on all Sporcle quizzes.
OR
Log In

Show Comments

Extras

Top Quizzes Today


Score Distribution

Your Account Isn't Verified!

In order to create a playlist on Sporcle, you need to verify the email address you used during registration. Go to your Sporcle Settings to finish the process.

Report this User

Report this user for behavior that violates our Community Guidelines.

Details: